000 00706cab a22002055a 4500
001 L159273
008 160421e2016 xxk 000 0 eng d
035 _a(Sirsi) u159273
041 0 _aeng
100 1 _aYorke, Trevor
245 0 0 _aFlooding
_bPart 1: Risk and cleaning up
260 _c2016
490 _aLetting Update Journal
_v24(1) April 2016, 21-24(4)
520 _aPart 1 in a series of articles on flooding considers how to assess the likelihood of rented property being affected by flooding and what actions property owners should take in the event of flooding occuring.
590 _aKA
650 2 4 _aFLOODING
651 4 _aUnited Kingdom
_y
690 _aEnvironment
_96238
942 _n0
999 _c84859
_d84859